000 00303nam a22001337a 4500
008 170609b xxu||||| |||| 00| 0 eng d
020 _a9780155001497
041 _aeng
080 _a32
100 _a19
101 _aSHP
245 _aIDEOLOGIES POLITICS IN ACTION
_cSKIDMORE.M.J
942 _2udc
_cBK
999 _c16795
_d16795